Sexuality, obscenity, community: (Record no. 179309)

MARC details
000 -LEADER
fixed length control field 00729nam a22002057a 4500
005 - DATE AND TIME OF LATEST TRANSACTION
control field 20210604163053.0
010 ## - LCCN (DPL NO)
LC control number B-739993
020 ## - INTERNATIONAL STANDARD BOOK NUMBER
International Standard Book Number 9788178241180
Terms of availability 395.00
035 ## - SYSTEM CONTROL NUMBER
System control number B-739993
037 ## - SOURCE OF ACQUISITION
Source of stock number/acquisition Gift
082 14 - DEWEY DECIMAL CLASSIFICATION NUMBER
Classification number 306.7
100 1# - MAIN ENTRY--PERSONAL NAME
Personal name Gupta, Charu
245 ## - TITLE STATEMENT
Title Sexuality, obscenity, community:
Remainder of title women, Muslims and the Hindu public in colonial India /
Statement of responsibility, etc by Charu Gupta
260 ## - PUBLICATION, DISTRIBUTION, ETC. (IMPRINT)
Place of publication, distribution, etc Delhi
Name of publisher, distributor, etc Permanent Black
Date of publication, distribution, etc 2012
270 ## - ADDRESS
Address D-28, Oxford Apartments, 11, I.P. Extension
City Delhi
Postal code 110092
300 ## - PHYSICAL DESCRIPTION
Extent xii, 388p.
Dimensions 22cm(pbk)
500 ## - GENERAL NOTE
General note Includes bibliographical references & index
942 ## - ADDED ENTRY ELEMENTS (KOHA)
Institution code [OBSOLETE] dpl
Item type English Books
Source of classification or shelving scheme Dewey Decimal Classification
Classification part 306.7
Call number suffix GUP
Holdings
Withdrawn status Lost status Not for loan Collection code Home library Current library Date acquired Source of acquisition Cost, normal purchase price Full call number Barcode Copy number Cost, replacement price Koha item type Public note
      Non-fiction Ashok Vihar Ashok Vihar 04/06/2021 Gift/Eng/03-05-2021 395.00 306.7 GUP B-739993 1 395.00 English Books Gift

© Delhi Public Library
Hit Counter
free hit counter